Countries that only contain one letter vowel - Statistics

General Stats
  • This quiz has been taken 55 times
    32 since last reset
  • The average score is 12 of 20
Answer Stats
Country % Correct
Chad
70%
Fiji
70%
Greece
70%
Morocco
70%
Panama
70%
Togo
70%
Canada
65%
Ghana
65%
Kosovo
65%
Sweden
65%
Japan
60%
Qatar
60%
Comoros
55%
Rwanda
55%
Yemen
55%
Malta
50%
Bahamas
45%
Kazakhstan
45%
Madagascar
35%
Seychelles
30%
No matching quizzes found
Score Distribution
Percent of People with Each Score
Percentile by Number Answered
Your Score History
You have not taken this quiz since the last reset